| 000 | 00427nam a22001697a 4500 | ||
|---|---|---|---|
| 003 | OSt | ||
| 008 | 241023b |||||||| |||| 00| 0 eng d | ||
| 020 | _a9788190402538 | ||
| 082 | _a670.42 KUT | ||
| 100 | _aKUMAR, Jitendra | ||
| 245 | _aTextile Chemical Processing Vol. I | ||
| 250 | _a1st. ed. | ||
| 260 |
_aDelhi, _bPankaj Publication International, _c2011, |
||
| 300 | _a374 p. | ||
| 650 | _aB.FAD. | ||
| 942 |
_2ddc _cREF |
||
| 999 |
_c12959 _d12959 |
||